000 00388nam a22001457a 4500
005 20160106142805.0
008 160106b xxu||||| |||| 00| 0 eng d
040 _cPK-LaUMT
082 _aMMC 954.9043
_bHAM-P
100 _aHamid Yusuf
245 _aPakistan in search of democracy 1947-77
_cHamid Yusuf
260 _aLahore
_bAfrasia publications
_c1980
300 _a189 p.
942 _cBK
999 _c81218
_d81218